APLEY & SOLOMON'S SYSTEM OF ORTHOPAEDICS AND TRAUMA (Record no. 31028)
[ view plain ]
| 000 -LEADER | |
|---|---|
| fixed length control field | 00442nam a22001697a 4500 |
| 003 - CONTROL NUMBER IDENTIFIER | |
| control field | SGT |
| 020 ## - INTERNATIONAL STANDARD BOOK NUMBER | |
| International Standard Book Number | 9781498751773 |
| 082 ## - DEWEY DECIMAL CLASSIFICATION NUMBER | |
| Classification number | 616.7 |
| Item number | A18B |
| 100 ## - MAIN ENTRY--PERSONAL NAME | |
| Personal name | BLOM, ASHLEY |
| 245 ## - TITLE STATEMENT | |
| Title | APLEY & SOLOMON'S SYSTEM OF ORTHOPAEDICS AND TRAUMA |
| 250 ## - EDITION STATEMENT | |
| Edition statement | 10TH |
| 260 ## - PUBLICATION, DISTRIBUTION, ETC. (IMPRINT) | |
| Place of publication, distribution, etc | BOCA RATON |
| Name of publisher, distributor, etc | CRC PRESS PUB |
| Year of Publication | 2018 |
| 300 ## - PAGE DESCRIPTION | |
| No. of Pages | 1012 |
| 650 ## - SUBJECT ADDED ENTRY--TOPICAL TERM | |
| Topical term or geographic name as entry element | ORTHOPAEDICS |
| 653 ## - KEYWORDS--INDEX TERM | |
| Keyword term | APLEY & SOLOMON'S SYSTEM OF ORTHOPAEDICS AND TRAUMA |
| 942 ## - ADDED ENTRY ELEMENTS (KOHA) | |
| Source of classification or shelving scheme | Dewey Decimal Classification |
| Koha item type | Books |
| Withdrawn status | Lost status | Source of classification or shelving scheme | Damaged status | Not for loan | Collection code | Home library | Current library | Shelving location | Date acquired | Vendor Name | Cost, normal purchase price | SGTU | Bill Number | Total Checkouts | Full call number | Accession No. (Barcode) | Date last seen | Bill Date | Koha item type |
|---|---|---|---|---|---|---|---|---|---|---|---|---|---|---|---|---|---|---|---|
| Dewey Decimal Classification | Not For Loan | MEDICAL | SGT Medical Library | SGT Medical Library | Reference Book | 23/03/2025 | ABC DELHI | 4495.00 | SGTU | 20801 | 616.7 A18B | FM15357 | 26/04/2025 | 23/03/2025 | Books | ||||
| Dewey Decimal Classification | Not For Loan | MEDICAL | SGT Medical Library | SGT Medical Library | Reference Book | 23/03/2025 | ABC DELHI | 4495.00 | SGTU | 20801 | 616.7 A18B | FM15358 | 26/04/2025 | 23/03/2025 | Books |